[Event "Sigeman & Co"]
[Site "Malmo"]
[Date "1998.06.17"]
[Round "9"]
[White "Andersson, Ulf"]
[Black "Cramling, Pia"]
[Result "1/2-1/2"]
[WhiteElo "2635"]
[BlackElo "2535"]

1.e4 c5 2.Nf3 e6 3.c3 Nf6 4.d3 Nc6 5.Nbd2 d5 6.Be2 Qc7 7.O-O Be7 8.Re1 O-O
9.Bf1 b6 10.a3 Bb7 11.e5 Nd7 12.Qe2 Rae8 13.g3 f6 14.exf6 Bxf6 15.Bg2  1/2-1/2

[Event "Keres mem"]
[Site "Tallinn/ Parnu"]
[Date "1998.06.20"]
[Round "2"]
[White "Morovic Fernandez, Ivan"]
[Black "Andersson, Ulf"]
[Result "1/2-1/2"]
[WhiteElo "2600"]
[BlackElo "2635"]

1.d4 Nf6 2.c4 e6 3.Nf3 Bb4+ 4.Bd2 Bxd2+ 5.Qxd2 O-O 6.g3 d5 7.Bg2 Nbd7 8.Qc2 b6
9.cxd5 Nxd5 10.O-O c5 11.Nc3 Nxc3 12.Qxc3 Bb7 13.Rfd1 Qe7 14.Rac1 Rfc8 15.Qe3 Qe8
16.dxc5 Rxc5 17.Rxc5  1/2-1/2

[Event "Keres mem"]
[Site "Tallinn/ Parnu"]
[Date "1998.06.22"]
[Round "4"]
[White "Andersson, Ulf"]
[Black "Lautier, Joel"]
[Result "1/2-1/2"]
[WhiteElo "2635"]
[BlackElo "2645"]

1.Nf3 d5 2.d4 Nf6 3.c4 e6 4.g3 dxc4 5.Qa4+ c6 6.Qxc4 b5 7.Qc2 Bb7 8.Bg2 Nbd7
9.a4 c5 10.O-O b4 11.Bg5 Rc8 12.dxc5 Bxc5 13.Qd3 O-O 14.Nbd2 h6 15.Be3 Qb6  1/2-1/2

[Event "Keres mem"]
[Site "Tallinn/ Parnu"]
[Date "1998.06.25"]
[Round "5"]
[White "Adianto, Utut"]
[Black "Andersson, Ulf"]
[Result "1/2-1/2"]
[WhiteElo "2615"]
[BlackElo "2635"]

1.d4 Nf6 2.c4 e6 3.Nf3 d5 4.g3 Bb4+ 5.Bd2 a5 6.a3 Be7 7.Bg2 O-O 8.Qc2 Nbd7
9.O-O c6 10.cxd5 exd5 11.Nc3 Re8 12.Rfe1 Nf8 13.Bg5 Ne4 14.Bxe7 Qxe7 15.e3 Bf5
16.Nh4 Bd7 17.Rac1 Nxc3 18.Qxc3 Be6 19.Nf3 Nd7 20.Nd2 h6 21.Rcd1 Nf6 22.f3 Qc7
23.Rc1 Re7 24.b4 axb4 25.axb4 Qb6 26.Qc5 Qd8 27.Ra1 Re8 28.Rxa8 Qxa8 29.Qc3 Qc8
30.Rc1 Bh3 31.Bh1  1/2-1/2

[Event "Keres mem"]
[Site "Tallinn/ Parnu"]
[Date "1998.06.26"]
[Round "6"]
[White "Andersson, Ulf"]
[Black "Seeman, Tarvo"]
[Result "1-0"]
[WhiteElo "2635"]
[BlackElo "2435"]

1.Nf3 Nf6 2.d4 g6 3.g3 Bg7 4.Bg2 O-O 5.O-O d6 6.Re1 Nbd7 7.e4 e5 8.Nc3 Re8
9.h3 c6 10.a4 Qc7 11.Be3 b6 12.Qd2 Bb7 13.Bh6 a6 14.Rad1 b5 15.Bxg7 Kxg7
16.Re3 b4 17.Ne2 c5 18.d5 a5 19.g4 c4 20.Ng3 Nc5 21.b3 h6 22.Bf1 c3 23.Qc1 Rh8
24.Ree1 Bc8 25.Bb5 Qd8 26.Qe3 Qe7 27.Kg2 h5 28.g5 Nh7 29.Rg1 Ra7 30.Rdf1 f6
31.gxf6+ Qxf6 32.Kh2 Kf8 33.Nxe5 Qxe5 34.f4 Qe7 35.e5 Nf6 36.Qd4 h4 37.Ne2 Nfe4
38.Rxg6 Qh7 39.f5 Ng3 40.Nxg3 hxg3+ 41.Rxg3 Rg7 42.e6 Rxg3 43.Qf6+ Kg8 44.Qd8+ Kg7
45.Qe7+ Kg8 46.Qe8+ Kg7 47.Qf7+ Kh6 48.Qf6+  1-0

[Event "Keres mem"]
[Site "Tallinn/ Parnu"]
[Date "1998.06.27"]
[Round "7"]
[White "Oll, Lembit"]
[Black "Andersson, Ulf"]
[Result "1/2-1/2"]
[WhiteElo "2645"]
[BlackElo "2635"]

1.e4 e6 2.d4 d5 3.Nd2 c5 4.Ngf3 Nc6 5.exd5 exd5 6.Bb5 Bd6 7.dxc5 Bxc5 8.O-O Ne7
9.Nb3 Bd6 10.Re1 h6 11.Bxc6+ bxc6 12.Qd4 O-O 13.Bf4 Nf5 14.Qa4 Be6 15.Bxd6 Qxd6
16.Qa5 Rfb8 17.Rad1 Rb5 18.Qd2 c5 19.Qe2  1/2-1/2

[Event "Villarrobledo op"]
[Site "Villarrobledo"]
[Date "1998.08.22"]
[Round "2"]
[White "Calzetta, Monica"]
[Black "Andersson, Ulf"]
[Result "0-1"]
[WhiteElo "2210"]
[BlackElo "2645"]

1.e4 c5 2.Nf3 d6 3.d4 cxd4 4.Nxd4 Nf6 5.Nc3 g6 6.Be3 Bg7 7.f3 Nc6 8.Bc4 O-O
9.Qd2 Nxd4 10.Bxd4 Be6 11.Bxe6 fxe6 12.O-O-O Qa5 13.Kb1 Rac8 14.h4 Rc4 15.Qg5 Qxg5
16.hxg5 Nd7 17.Bxg7 Kxg7 18.Rh4 Rf7 19.Nb5 Rc5 20.Nd4 Nf8 21.f4 e5 22.Nb3 Rc4
23.fxe5 dxe5 24.c3 Rc7 25.Rd5 Nd7 26.Nd2 Rf2 27.Nf3 Rxg2 28.Nxe5 Nb6 29.Rd8 Rxg5
30.Nf3 Rg2 31.Nd4 Rd7 32.Re8 e5 33.Rxe5 Rxb2+ 34.Kxb2 Nc4+ 35.Kb3 Nxe5 36.Ne6+ Kg8
37.c4 Rd3+ 38.Kb4 Rd6 39.Ng5 h5  0-1

[Event "Villarrobledo op"]
[Site "Villarrobledo"]
[Date "1998.08.22"]
[Round "3"]
[White "Andersson, Ulf"]
[Black "Reyes, Juan"]
[Result "1/2-1/2"]
[WhiteElo "2645"]
[BlackElo "2435"]

1.e4 e5 2.Nf3 Nc6 3.Bb5 a6 4.Bxc6 dxc6 5.O-O f6 6.d4 exd4 7.Nxd4 c5 8.Ne2 Qxd1
9.Rxd1 Bd7 10.Nbc3 O-O-O 11.Bf4 Ne7 12.Rd2 Bc6 13.Rxd8+ Kxd8 14.Rd1+ Kc8
15.Be3 Ng6 16.Nf4 Nxf4 17.Bxf4 Be7 18.Nd5 Bd8 19.f3 Re8 20.Kf2 Bd7 21.g4 Be6
22.b3 Rh8 23.h3  1/2-1/2

[Event "Elista ol (Men)"]
[Site "Elista"]
[Date "1998.10.11"]
[Round "12"]
[White "Andersson, Ulf"]
[Black "Arencibia, Walter"]
[Result "1/2-1/2"]
[WhiteElo "2645"]
[BlackElo "2550"]

1.d4 Nf6 2.c4 e6 3.Nf3 Bb4+ 4.Bd2 Qe7 5.e3 b6 6.a3 Bxd2+ 7.Nbxd2 Bb7 8.Bd3 c5
9.O-O O-O 10.e4 cxd4 11.e5 Ne8 12.Nxd4 Nc6 13.Nxc6 Bxc6 14.Be4 Rc8 15.Qe2  1/2-1/2

[Event "Elista ol (Men)"]
[Site "Elista"]
[Date "1998.10.12"]
[Round "13"]
[White "Blatny, Pavel"]
[Black "Andersson, Ulf"]
[Result "1/2-1/2"]
[WhiteElo "2520"]
[BlackElo "2645"]

1.e4 c5 2.c3 d5 3.exd5 Qxd5 4.d4 e6 5.Nf3 Nf6 6.Na3 Nc6 7.Nb5 Qd8 8.dxc5 Bxc5
9.Qxd8+ Kxd8 10.Bf4 Nd5 11.Bd6 Bxd6 12.Nxd6 Ke7 13.Ne4 b6 14.Bc4 Nf4 15.g3 Na5
16.Bf1 Bb7 17.Ned2 Nd5 18.Be2 Rhd8 19.O-O Rac8 20.Rfe1 Nf6 21.Rad1 Ne4 22.Nxe4 Bxe4
23.Nd4 Bd5 24.Ba6 Bb7 25.Bf1 g6 26.f4 Bd5 27.f5 gxf5 28.Ba6 Rb8 29.Nxf5+ Kf6
30.Nd4 Nc6 31.Nxc6 Bxc6 32.Be2 Rxd1 33.Rxd1 Ke5 34.Kf2 f5 35.Ke3 b5 36.a3 Bd5
37.Rd4 a5 38.Rh4 Rb7 39.Bf3 Bxf3 40.Kxf3 Rd7 41.Ke3 Kd6 42.a4 bxa4 43.Rxa4 Rb7
44.Rd4+ Kc6 45.Rc4+ Kd6 46.Rd4+ Ke7 47.b4 axb4 48.cxb4 e5 49.Rc4 Kd6 50.g4 fxg4
51.Rxg4 Kd5 52.Rh4 Ra7 53.b5 Ra3+  1/2-1/2

[Event "Najdorf op"]
[Site "Buenos Aires"]
[Date "1998.10.24"]
[Round "1"]
[White "Andersson, Ulf"]
[Black "Perez, Raul R"]
[Result "1-0"]
[WhiteElo "2645"]
[BlackElo "2230"]

1.Nf3 d5 2.d4 c6 3.c4 Nf6 4.e3 g6 5.Nc3 Bg7 6.Bd3 O-O 7.O-O dxc4 8.Bxc4 Bg4
9.h3 Bxf3 10.Qxf3 Nbd7 11.Rd1 e5 12.Bb3 Qe7 13.Bd2 e4 14.Qf4 Nb6 15.f3 Rae8
16.Rf1 exf3 17.Qxf3 Qd7 18.Rad1 Re7 19.Kh1 Rd8 20.e4 h6 21.Bxh6 Bxh6 22.Qxf6  1-0

[Event "Najdorf op"]
[Site "Buenos Aires"]
[Date "1998.10.25"]
[Round "2"]
[White "Roman, Facundo"]
[Black "Andersson, Ulf"]
[Result "0-1"]
[WhiteElo "2310"]
[BlackElo "2645"]

1.e4 c5 2.Nf3 Nc6 3.Bb5 e6 4.O-O Nge7 5.c3 a6 6.Ba4 b5 7.Bc2 Bb7 8.d4 cxd4
9.Nxd4 d5 10.Nxc6 Bxc6 11.Nd2 dxe4 12.Nxe4 Qxd1 13.Rxd1 Nd5 14.a4 Be7 15.axb5 axb5
16.Rxa8+ Bxa8 17.Bd2 O-O 18.Kf1 Rd8 19.Ke2 Nb6 20.f3 Nc4 21.Bc1 Bd5 22.Nd2 f5
23.Bd3 Nd6 24.Nf1 Bb3 25.Re1 Ra8 26.Ne3 Nc4 27.Bc2 Bxc2 28.Nxc2 Ra2 29.Kd3 Kf7
30.b3 Na5 31.Nd4 Bf6 32.Nxb5 Nxb3 33.Bf4 g5  0-1

[Event "Najdorf op"]
[Site "Buenos Aires"]
[Date "1998.10.28"]
[Round "5"]
[White "Andersson, Ulf"]
[Black "Giardelli, Sergio C"]
[Result "1/2-1/2"]
[WhiteElo "2645"]
[BlackElo "2450"]

1.Nf3 Nf6 2.c4 e6 3.g3 a6 4.Bg2 b5 5.b3 c5 6.O-O Bb7 7.Bb2 Be7 8.Nc3 Qb6
9.d4 cxd4 10.Qxd4 Qxd4 11.Nxd4 Bxg2 12.Kxg2 Nc6 13.Rfd1 Rb8 14.cxb5 Nxd4
15.Rxd4 axb5 16.e4 b4 17.Na4 d5 18.exd5 Nxd5 19.Re1 Rb5 20.Rg4 Bf6 21.Bxf6 Nxf6
22.Rc4 O-O 23.Rec1 g5 24.Nc5 Rd8 25.Na6 Nd5 26.R1c2 Kg7 27.h3 Kg6 28.Nc7 Nxc7
29.Rxc7 Ra8 30.Rd7 Rba5 31.Rb7 R8a7 32.Rxb4 Rxa2 33.Rbc4 R7a3 34.Rxa2 Rxa2
35.b4 Rb2 36.Kf3 h5 37.Ke3 f5 38.Kf3  1/2-1/2

[Event "Najdorf op"]
[Site "Buenos Aires"]
[Date "1998.10.29"]
[Round "6"]
[White "Filgueira, Hernan"]
[Black "Andersson, Ulf"]
[Result "0-1"]
[WhiteElo "2400"]
[BlackElo "2645"]

1.d4 Nf6 2.c4 e6 3.Nf3 Bb4+ 4.Bd2 a5 5.g3 d5 6.Qc2 Nc6 7.Bg2 dxc4 8.Qxc4 Qd5
9.Qd3 O-O 10.Nc3 Qh5 11.a3 Be7 12.Bf4 Bd6 13.Bxd6 cxd6 14.e4 b6 15.Qb5 Qxb5
16.Nxb5 Nxe4 17.Nd2 f5 18.Nxe4 fxe4 19.Nxd6 Ba6 20.Nxe4 Nxd4 21.O-O-O Rad8
22.Kb1 e5 23.Bf1 Bb7 24.Bc4+ Kh8 25.Bd3 Nf3 26.Kc2 Rc8+ 27.Kb1 Rfd8 28.Ka1 Rxd3
29.Rxd3 Bxe4 30.Rc3 Rxc3 31.bxc3 Bd3 32.Kb2 e4 33.c4 Bxc4 34.Rc1 b5 35.a4 Kg8
36.axb5 Bxb5 37.Rc5 Be8 38.Rxa5 Nxh2 39.Kc3 Ng4 40.Ra2 Bg6  0-1

[Event "Najdorf op"]
[Site "Buenos Aires"]
[Date "1998.11.01"]
[Round "9"]
[White "Andersson, Ulf"]
[Black "Peralta, Fernando"]
[Result "1-0"]
[WhiteElo "2645"]
[BlackElo "2435"]

1.Nf3 Nf6 2.c4 g6 3.g3 Bg7 4.Bg2 O-O 5.O-O d6 6.Nc3 e5 7.d4 Nbd7 8.e4 c6
9.h3 Re8 10.Rb1 a5 11.Re1 Qe7 12.Be3 exd4 13.Nxd4 Nc5 14.Nb3 Nfd7 15.Nxc5 Nxc5
16.Qd2 Be6 17.b3 Rad8 18.Bd4 Qf8 19.Rbd1 f5 20.Bxg7 Qxg7 21.Kh2 Qf6 22.exf5 Qxf5
23.Ne4 Nxe4 24.Rxe4 Bf7 25.Rd4 Re6 26.Re1 Rxe1 27.Qxe1 Qf6 28.Qxa5 Qxd4 29.Qxd8+ Kg7
30.f4 d5 31.cxd5 cxd5 32.Qc7 Qf2 33.Qe5+ Kg8 34.Qb8+ Kg7 35.Qxb7 Qxa2 36.b4 Qb2
37.Qb8 d4 38.Qe5+ Kg8 39.b5 Bc4 40.Qb8+ Kg7 41.Qc7+ Bf7 42.b6 d3 43.Qe5+ Qxe5
44.fxe5 d2 45.b7 d1=Q 46.b8=Q Qe2 47.Qc7 Qa2 48.h4 h6 49.Qe7 Qb3 50.Qf6+ Kg8
51.Qf4 Kg7 52.g4 Qe6 53.Kg3 Qb3+ 54.Bf3 Qe6 55.g5 hxg5 56.hxg5 Qb3 57.Qd4 Be6
58.Qc5 Bf7 59.Qd6 Qc4 60.Qc6 Qb3 61.Qf6+ Kg8 62.Qd8+ Kg7 63.Qd6 Qc4 64.Bc6  1-0

[Event "Pamplona 9798"]
[Site "Pamplona"]
[Date "1998.??.??"]
[Round "9"]
[White "Andersson, Ulf"]
[Black "De la Villa Garcia, Jesus Maria"]
[Result "1-0"]
[WhiteElo "2640"]
[BlackElo "2485"]

1.Nf3 f5 2.d4 Nf6 3.g3 g6 4.Bg2 Bg7 5.O-O O-O 6.c4 d6 7.Nc3 Nc6 8.d5 Ne5
9.Qb3 Nxf3+ 10.Bxf3 Nd7 11.Bg2 Nc5 12.Qc2 e5 13.dxe6 Bxe6 14.b3 a5 15.Be3 c6
16.Rad1 Qe7 17.Bd4 Rad8 18.Bxg7 Qxg7 19.e3 Qe7 20.Rfe1 Bc8 21.h3 Rf6 22.Kh2 Re8
23.Re2 h5 24.h4 Ne4 25.Rd4 Nc5 26.Red2 Rd8 27.Qd1 Kg7 28.a3 Qe5 29.b4 axb4
30.axb4 Na6 31.Na2 Nc7 32.Nc1 Qe7 33.Ne2 Ne8 34.Nf4 Be6 35.e4 Bf7 36.Re2 fxe4
37.Rdxe4 Qf8 38.Qd4 Kg8 39.Re7 Rb8 40.Bh3 b6 41.b5 c5 42.Qc3 Qg7 43.Nd5  1-0

[Event "Kraft Chess Cup"]
[Site "Skelleftea"]
[Date "1999.03.30"]
[Round "1.1"]
[White "Brynell, Stellan"]
[Black "Andersson, Ulf"]
[Result "1/2-1/2"]
[WhiteElo "2489"]
[BlackElo "2623"]

1.e4 c5 2.c3 e6 3.d4 d5 4.exd5 exd5 5.Nf3 Nc6 6.Bb5 Bd6 7.dxc5 Bxc5 8.O-O Ne7
9.Nbd2 O-O 10.Nb3 Bd6 11.Re1 h6 12.h3 a6 13.Bd3 Bf5 14.Nbd4 Bxd3 15.Qxd3 Re8
16.Be3 Qc7 17.Nf5 Nxf5 18.Qxf5 Ne5 19.Bd4 Nxf3+ 20.Qxf3 Qc6 21.Rad1 Rxe1+
22.Rxe1 Re8 23.Rxe8+  1/2-1/2

[Event "Kraft Chess Cup"]
[Site "Skelleftea"]
[Date "1999.03.31"]
[Round "1.2"]
[White "Andersson, Ulf"]
[Black "Brynell, Stellan"]
[Result "1-0"]
[WhiteElo "2623"]
[BlackElo "2489"]

1.Nf3 g6 2.d4 Bg7 3.e4 d6 4.Nc3 Nf6 5.Be2 O-O 6.O-O c5 7.d5 Na6 8.Bf4 Nc7
9.a4 b6 10.Qd2 a6 11.Bh6 Bb7 12.Rfe1 Qd7 13.Rab1 e6 14.dxe6 Nxe6 15.Bxg7 Kxg7
16.Bc4 Rfe8 17.Rbd1 Rad8 18.Qc1 Qc8 19.h3 Qa8 20.Nd5 Bxd5 21.Bxd5 Nxd5 22.exd5 Nc7
23.c4 Rxe1+ 24.Rxe1 Re8 25.b4 b5 26.bxc5 Rxe1+ 27.Qxe1 bxc4 28.Qc3+ Kg8 29.cxd6 Nxd5
30.Qxc4 Qb7 31.Ne5 Nb6 32.Qb3  1-0

[Event "Kraft Chess Cup"]
[Site "Skelleftea"]
[Date "1999.04.01"]
[Round "2.1"]
[White "Andersson, Ulf"]
[Black "Akesson, Ralf"]
[Result "1-0"]
[WhiteElo "2623"]
[BlackElo "2530"]

1.Nf3 Nf6 2.c4 e6 3.g3 b6 4.Bg2 Bb7 5.d4 Be7 6.O-O O-O 7.Nc3 Ne4 8.Qc2 Nxc3
9.Qxc3 f5 10.b3 Bf6 11.Bb2 d6 12.Rad1 a5 13.Ne1 Bxg2 14.Nxg2 Nc6 15.Qd2 Qd7
16.d5 Nd8 17.Bxf6 Rxf6 18.dxe6 Nxe6 19.Nf4 Nxf4 20.Qxf4 Re8 21.e3 Re4 22.Qf3 g6
23.Rd5 Rfe6 24.Rfd1 Qg7 25.R5d4 Qe7 26.R1d2 Kg7 27.Qd1 R6e5 28.Rd5 Qf6 29.Rxe5 Qxe5
30.Kf1 Qc3 31.h4 Kf7 32.Rc2 Qf6 33.Qd5+ Kg7 34.Rd2 Qc3 35.Ke2 Re7 36.h5 Qf6
37.hxg6 hxg6 38.Rd1 Qb2+ 39.Qd2 Qxd2+ 40.Kxd2 Kf6 41.Rh1 Ke5 42.Rh6 Kf6 43.Kd3 Kg7
44.Rh1 Re4 45.f3 Re5 46.Kd4 c6 47.Rh2 Kg8 48.Kd3 Kg7 49.Rh4 Re8 50.Rd4 Rd8
51.g4 Kf6 52.gxf5 gxf5 53.Rh4 Kg6 54.Ke2 Re8 55.Kf2 Kg7 56.Rd4 Rd8 57.Kg3 Kg6
58.Kf4 Kf6 59.Rd2 Ke6 60.Rh2 Rf8 61.Rh7 b5 62.cxb5 cxb5 63.Rb7 a4 64.Rxb5 axb3
65.axb3 Rh8 66.b4 Rh4+ 67.Kg5 Rc4 68.Rb8 Rc3 69.b5 Rb3 70.b6 Kd7 71.b7 Kc7
72.Re8 Kxb7 73.Kxf5 Kc6 74.f4 Kd7 75.Re4 Rb1 76.Kf6 d5 77.Re5 Kd6 78.f5 Rf1
79.e4 dxe4 80.Rxe4 Kd7 81.Kg6  1-0

[Event "Kraft Chess Cup"]
[Site "Skelleftea"]
[Date "1999.04.02"]
[Round "2.2"]
[White "Akesson, Ralf"]
[Black "Andersson, Ulf"]
[Result "1-0"]
[WhiteElo "2530"]
[BlackElo "2623"]

1.d4 Nf6 2.c4 e6 3.Nf3 Bb4+ 4.Nbd2 b6 5.a3 Bxd2+ 6.Qxd2 Bb7 7.e3 O-O 8.Be2 d6
9.O-O a5 10.b3 Nbd7 11.Bb2 Qe7 12.Rad1 Rfd8 13.Qc2 c5 14.dxc5 bxc5 15.Nd2 Rdb8
16.Bc3 h6 17.h3 e5 18.Rfe1 Bc6 19.a4 Nf8 20.f3 Qb7 21.Rb1 Ng6 22.Red1 Ra6
23.Nf1 Ne8 24.Bd3 Nf8 25.Qd2 e4 26.Bxe4 Bxe4 27.fxe4 Qxe4 28.Bxa5 Nd7 29.Qe1 Qe6
30.e4 Nef6 31.Ng3 Ne5 32.Bc3 Rab6 33.Nf5 g6 34.a5 Ra6 35.Nxh6+ Kg7 36.Ng4 Nfxg4
37.hxg4 f6 38.g5 fxg5 39.Qg3 Re8 40.Qxg5 Qf6 41.Qg3 Re6 42.b4 cxb4 43.Rxb4  1-0

[Event "Kraft Chess Cup"]
[Site "Skelleftea"]
[Date "1999.04.04"]
[Round "3.2"]
[White "Agrest, Evgenij"]
[Black "Andersson, Ulf"]
[Result "1/2-1/2"]
[WhiteElo "2533"]
[BlackElo "2623"]

1.c4 c5 2.Nf3 g6 3.d4 cxd4 4.Nxd4 Nc6 5.e4 Nf6 6.Nc3 d6 7.Be2 Nxd4 8.Qxd4 Bg7
9.Bg5 O-O 10.Qd2 Be6 11.Rc1 Qa5 12.f3 Rfc8 13.b3 Kf8 14.Rc2 a6 15.Na4 Qxd2+
16.Kxd2 Nd7 17.g4 Bd4 18.Rhc1 Ke8 19.Be3 Bxe3+ 20.Kxe3  1/2-1/2

[Event "Katrineholm"]
[Site "Katrineholm"]
[Date "1999.05.12"]
[Round "2"]
[White "Laveryd, Peter"]
[Black "Andersson, Ulf"]
[Result "0-1"]
[WhiteElo "2420"]
[BlackElo "2623"]

1.e4 c5 2.g3 Nc6 3.Bg2 g6 4.d3 Bg7 5.f4 e6 6.c3 Nge7 7.Nf3 O-O 8.Be3 b6 9.O-O Ba6
10.Bf2 f5 11.exf5 Nxf5 12.Re1 Qc7 13.Na3 Rae8 14.Nc4 Bb7 15.a4 Nce7 16.Ng5 Bxg2
17.Kxg2 Nd5 18.Kg1 Nf6 19.Ne4 d5 20.Nxf6+ Bxf6 21.Ne3 Nxe3 22.Bxe3 e5 23.fxe5 Bxe5
24.Qg4 Bg7 25.Bd2 Qc6 26.Rxe8 Rxe8 27.Qf3 h5 28.b3 Qd7 29.Rd1 Re5 30.Qg2 Qf5
31.Bf4 Re7 32.c4 dxc4 33.dxc4 Bd4+ 34.Kh1 Qg4 35.Rf1 Re2 36.Qf3 Qxf3+ 37.Rxf3 Re1+
38.Kg2 Rg1+ 39.Kh3 Kg7 40.Be3 Bxe3 41.Rxe3 g5 42.Rd3 Re1 43.a5 Kf6 44.axb6 axb6
45.Kg2 Ke6 46.Kf3 Rh1 47.Rd2 Rb1 48.Rd3 g4+ 49.Kf4 Rb2 50.Kg5 Rxh2 51.b4 cxb4
52.Rb3 Kd6 53.Rxb4 Kc6 54.Rb1 Rc2 55.Rb4 Rc3 56.Kh4 Kc7 57.Ra4 Kd6 58.Rb4 Kc6
59.Kxh5 Rxg3 60.Kh4 Rd3 61.Kxg4 Rd6 62.Kf5 Kc5 63.Rb1 Kxc4 64.Rc1+ Kd5 65.Rd1+ Kc6
66.Rc1+ Kb7 67.Rb1 Rd4 68.Ke5 Ra4 69.Kd5 Ka6 70.Kc6 Rc4+ 71.Kd5 b5 72.Ra1+ Kb6
73.Ra2 Rh4 74.Ra8 b4 75.Rb8+ Ka5 76.Kc5 Ka4 77.Rg8 Ka3 78.Ra8+ Kb2 79.Ra4 Kc3  0-1

[Event "Katrineholm"]
[Site "Katrineholm"]
[Date "1999.05.13"]
[Round "3"]
[White "Andersson, Ulf"]
[Black "Lyrberg, Patrik"]
[Result "1-0"]
[WhiteElo "2623"]
[BlackElo "2409"]

1.Nf3 Nf6 2.c4 g6 3.g3 Bg7 4.Bg2 O-O 5.O-O d6 6.Nc3 e5 7.d4 Nc6 8.dxe5 dxe5
9.Bg5 Be6 10.Qa4 h6 11.Rfd1 Qb8 12.Bxf6 Bxf6 13.Nd2 Rd8 14.Nb3 Rxd1+ 15.Rxd1 Nd8
16.Qe8+ Kg7 17.Nc5 c6 18.N3e4  1-0

[Event "Katrineholm"]
[Site "Katrineholm"]
[Date "1999.05.15"]
[Round "5"]
[White "Berg, Emanuel"]
[Black "Andersson, Ulf"]
[Result "0-1"]
[WhiteElo "2364"]
[BlackElo "2623"]

1.e4 c5 2.Nf3 Nc6 3.d4 cxd4 4.Nxd4 Nf6 5.Nc3 e5 6.Ndb5 h6 7.Nd6+ Bxd6 8.Qxd6 Qe7
9.Qxe7+ Kxe7 10.b3 d6 11.Ba3 a6 12.O-O-O Rd8 13.Bc4 Be6 14.Bd5 Rac8 15.Kb2 b5
16.Bxc6 Rxc6 17.Rd3 Rb8 18.Nd5+ Bxd5 19.exd5 Rcc8 20.Bb4 Ra8 21.Ba5 g5 22.Re1 Nd7
23.h4 g4 24.f4 gxf3 25.gxf3 Rg8 26.f4 Rac8 27.fxe5 Nxe5 28.Bc3 f6 29.Re4 h5
30.Rd2 Rg4 31.Rde2 Rc5 32.Bxe5 dxe5 33.c4 bxc4 34.bxc4 Rxc4 35.Rxc4 Rxc4  0-1

[Event "Katrineholm"]
[Site "Katrineholm"]
[Date "1999.05.17"]
[Round "6"]
[White "Andersson, Ulf"]
[Black "Lutz, Christopher"]
[Result "1/2-1/2"]
[WhiteElo "2623"]
[BlackElo "2610"]

1.Nf3 d5 2.d4 Nf6 3.c4 e6 4.g3 dxc4 5.Qa4+ Bd7 6.Qxc4 Bc6 7.Bg2 Bd5 8.Qd3 Be4
9.Qd1 c5 10.Nc3 Bc6 11.O-O Nbd7 12.Qd3 cxd4 13.Nxd4 Bxg2 14.Kxg2 Bc5 15.Nb3 Bb4
16.Ne4 O-O 17.Rd1 Ne5 18.Qxd8 Rfxd8 19.Rxd8+ Rxd8 20.Bg5 Be7 21.Rc1 Kf8 22.Nxf6 gxf6
23.Be3 Nc6 24.f3 f5 25.Kf2 Kg7 26.a3 Rd5 27.Rc2 a6 28.Nc1 Bf6 29.Nd3 Be7
30.Bc5 Bf6 31.Be3 Be7 32.Rc4 Rb5 33.b4 Rd5 34.Bc5 Bf6 35.Be3 Be7 36.Bb6 a5
37.Bc5 axb4 38.Bxe7 Nxe7 39.Rxb4 b5 40.Nf4 Rc5 41.Rd4 Ng6 42.Nh5+ Kh6 43.Nf6 Kg7
44.Nd7 Rc7 45.Rd6 Rc3 46.Rd3 Rc7 47.f4 h5 48.h4 Ne7 49.Ne5 Nd5 50.Rb3 Nc3
51.Nf3 Rc4 52.Nd2 Rc7 53.Ke3 Nd1+ 54.Kf3 Rc2 55.Nb1 f6 56.Rxb5 e5 57.fxe5 fxe5
58.Rxe5 Rb2 59.Rxf5 Rxb1 60.Rxh5 Rb3+ 61.Kf4 Rxa3 62.Rd5 Nc3 63.Rd2 Ra7 64.e3 Rf7+
65.Kg4 Ne4 66.Rd4 Nf2+ 67.Kg5 Rf3 68.Rd7+  1/2-1/2

[Event "Katrineholm"]
[Site "Katrineholm"]
[Date "1999.05.19"]
[Round "8"]
[White "Andersson, Ulf"]
[Black "Cramling, Pia"]
[Result "1/2-1/2"]
[WhiteElo "2623"]
[BlackElo "2515"]

1.e4 c5 2.Nf3 e6 3.c3 Nf6 4.e5 Nd5 5.d4 cxd4 6.cxd4 d6 7.Nc3 Nxc3 8.bxc3 Qc7
9.Bd2 Nd7 10.exd6 Bxd6 11.Bd3 b6 12.O-O Bb7 13.Re1 O-O 14.h3 Bf4 15.Bxf4  1/2-1/2

[Event "Katrineholm"]
[Site "Katrineholm"]
[Date "1999.05.20"]
[Round "9"]
[White "Fedorov, Alexei"]
[Black "Andersson, Ulf"]
[Result "1/2-1/2"]
[WhiteElo "2648"]
[BlackElo "2623"]

1.e4 c5 2.d3 Nc6 3.g3 g6 4.Bg2 Bg7 5.f4 e6 6.Nf3 Nge7 7.O-O O-O 8.c3 f5 9.Be3 b6
10.Na3 Bb7 11.Nb5 d6 12.Qb3 Qd7 13.a4 Na5 14.Qc2 a6 15.Na3 b5 16.Nd2 Rfc8
17.Bf2 d5 18.exf5 Nxf5 19.Rae1 b4 20.Nab1 bxc3 21.bxc3 d4 22.Bxb7 Qxb7 23.g4 dxc3
24.gxf5 cxd2 25.Rxe6 gxf5 26.Nxd2 Kh8 27.Re3 Nc6 28.Rg3 Nd4 29.Qd1 Re8 30.Be3 Re6
31.Nc4 Rae8 32.Kf2 Qf7 33.Rfg1 Bf6 34.Rh3 Rg8 35.Rxg8+ Qxg8 36.Qh5 Re7 37.Rg3 Qe8
38.Qh6 Re6 39.Rh3 Qe7 40.Qh5 Nc2 41.Qxf5 Nxe3 42.Nxe3 Bd4 43.Rxh7+ Qxh7 44.Qxe6 Qxh2+
45.Kf3 Qh1+  1/2-1/2

[Event "Helsingor Jub"]
[Site "Helsingor"]
[Date "1999.10.20"]
[Round "2"]
[White "Hansen, Curt"]
[Black "Andersson, Ulf"]
[Result "1-0"]
[WhiteElo "2607"]
[BlackElo "2623"]

1.e4 e6 2.d4 d5 3.Nd2 c5 4.Ngf3 Nc6 5.exd5 exd5 6.Bb5 Bd6 7.dxc5 Bxc5 8.O-O Ne7
9.Nb3 Bd6 10.Re1 O-O 11.Bd3 h6 12.h3 Bf5 13.Be3 Re8 14.c3 Bxd3 15.Qxd3 Qd7
16.Bc5 Ng6 17.Bxd6 Qxd6 18.Re3 Nce5 19.Nxe5 Rxe5 20.Rxe5 Qxe5 21.Rd1 Nf4
22.Qe3 Qg5 23.Qf3 Rd8 24.Nd4 Ne6 25.Nf5 Rd7 26.h4 Qf4 27.Qxf4 Nxf4 28.g3 Ng6
29.c4 Ne7 30.Nxe7+ Rxe7 31.cxd5 f6 32.Kg2 Kf7 33.Kf3 Ke8 34.Rd3 Kd8 35.Re3 Rc7
36.Rc3 Rd7 37.Ke4 Re7+ 38.Kf5 Re2 39.Rb3 Rxf2+ 40.Kg6 b6 41.Kxg7  1-0

[Event "Paulisto-ch"]
[Site "Sao Caetano"]
[Date "1999.??.??"]
[Round "3"]
[White "Segal, Alexandru Sorin"]
[Black "Andersson, Ulf"]
[Result "1/2-1/2"]
[WhiteElo "2338"]
[BlackElo "2623"]

1.b3 Nf6 2.Bb2 g6 3.Bxf6 exf6 4.c4 f5 5.Nc3 Bg7 6.g3 d6 7.Bg2 O-O 8.e3 Bxc3
9.dxc3 Nd7 10.Ne2 a5 11.O-O Re8 12.Qc2 a4 13.Rfd1 Qe7 14.Nf4 c6 15.Qe2 axb3
16.axb3 Rxa1 17.Rxa1 Nc5 18.Qc2 Qf6 19.Ra8 Bd7 20.Rxe8+ Bxe8 21.b4 Nd7 22.Qd3 Qe7
23.Qd4 Nf6 24.Qb6 Ne4 25.Ne2 h6 26.Bxe4 fxe4 27.Nd4 Kf8 28.Nb3 Qe5 29.Qxb7 Qxc3
30.Na5 c5 31.Qb8 cxb4 32.Kg2 Qf6 33.Nc6 Qf3+ 34.Kg1 Kg7 35.Qxe8 Qd1+  1/2-1/2

[Event "Paulisto-ch"]
[Site "Sao Caetano"]
[Date "1999.??.??"]
[Round "4"]
[White "Andersson, Ulf"]
[Black "Aranha Filho, Alvaro Z"]
[Result "1-0"]
[WhiteElo "2623"]
[BlackElo "2236"]

1.d4 d5 2.Nf3 Bf5 3.c4 e6 4.Nc3 c6 5.Qb3 Qb6 6.c5 Qc7 7.Bf4 Qc8 8.e3 Nf6
9.h3 h6 10.Be2 Be7 11.O-O O-O 12.Qd1 Nbd7 13.b4 a6 14.a4 Ne4 15.Nxe4 Bxe4
16.Bd3 Bxd3 17.Qxd3 Bd8 18.Bd6 Re8 19.b5 Be7 20.bxc6 Qxc6 21.Ne5 Nxe5 22.Bxe5 Bd8
23.Rab1 f6 24.Bd6 b6 25.Rfc1 bxc5 26.dxc5 Ba5 27.Rb3 Ra7 28.Qb1 Rd7 29.Rc2 Bc7
30.Bxc7 Rxc7 31.a5 Qa4 32.Rb8 Rec8 33.Qb6 Qc6 34.Rxc8+ Rxc8 35.Rc1 Kf7 36.h4 h5
37.g3 Ke7 38.Qb1 f5 39.Qb2 Kf7 40.Qe2 Kg6 41.Rb1 Qxc5 42.Qxa6 Rc6 43.Rb6 Qc1+
44.Kg2 Rc4 45.Rxe6+ Kh7 46.Re5 Qb1 47.Qe6 Rc1 48.Qxf5+ Qxf5 49.Rxf5 Rc5 50.Rxh5+ Kg6
51.Rg5+ Kf6 52.e4  1-0

[Event "Paulisto-ch"]
[Site "Sao Caetano"]
[Date "1999.??.??"]
[Round "5"]
[White "Pelikian, Jefferson"]
[Black "Andersson, Ulf"]
[Result "1/2-1/2"]
[WhiteElo "2394"]
[BlackElo "2623"]

1.e4 c5 2.Nf3 e6 3.c3 d5 4.exd5 Qxd5 5.d4 Nc6 6.Be3 cxd4 7.cxd4 Nf6 8.Nc3 Qd6
9.Bd3 Be7 10.O-O O-O 11.a3 b6 12.Qe2 Bb7 13.Rad1 Rac8 14.Rfe1 Rfd8 15.Bb1 Nd5
16.Ne4 Qd7 17.Bc1 Qe8 18.Neg5 h6 19.Ne4 Bf8  1/2-1/2

[Event "Paulisto-ch"]
[Site "Sao Caetano"]
[Date "1999.??.??"]
[Round "6"]
[White "Andersson, Ulf"]
[Black "Loureiro, Luiz"]
[Result "1-0"]
[WhiteElo "2623"]
[BlackElo "2365"]

1.d4 d5 2.Nf3 Nf6 3.c4 c6 4.Nc3 dxc4 5.a4 Bf5 6.e3 e6 7.Bxc4 Bb4 8.O-O O-O
9.Qe2 Nbd7 10.Rd1 Ne4 11.Na2 Be7 12.Bd3 Qc7 13.Qc2 Nd6 14.e4 Bg6 15.Bf4 Rfc8
16.Nc3 a5 17.Qe2 Bf8 18.Rac1 Qd8 19.h3 Qe8 20.Re1 c5 21.d5 e5 22.Be3 c4 23.Bc2 Nc5
24.Nd2 Ra6 25.f3 Rb6 26.Qf2 Rxb2 27.Bxc5 Rxc5 28.Qxc5 Nxe4 29.Qe3 Bc5 30.fxe4 Bxe3+
31.Rxe3 Qc8 32.Nd1 Qc5 33.Kh1 Qd4 34.Re2 c3 35.Nf3 Rxc2 36.Rexc2 Qxe4 37.Nxc3 Qf4
38.d6  1-0

[Event "Bundesliga 1999-2000"]
[Site "Magdeburg GER"]
[Date "2000.03.12"]
[Round "12"]
[White "Proehl,H"]
[Black "Andersson,U"]
[Result "0-1"]
[WhiteElo "2389"]
[BlackElo "2625"]

1.e4 c5 2.c3 Nf6 3.e5 Nd5 4.g3 Nc6 5.Bg2 e6 6.Nf3 d6 7.exd6 Bxd6 8.O-O O-O
9.d4 cxd4 10.Nxd4 Nxd4 11.Qxd4 Qc7 12.Nd2 Rd8 13.Qc4 Rb8 14.a4 Bd7 15.Qe2 Rbc8
16.Re1 h6 17.Nf1 Bc6 18.Ne3 Ne7 19.Nc2 a6 20.Nd4 Bxg2 21.Kxg2 Nd5 22.Qf3 Bc5
23.Ne2 Qc6 24.a5 e5 25.Ng1 Re8 26.Be3 e4 27.Qe2 Rcd8 28.Qc4 Nxe3+ 29.fxe3 Rd2+
30.Re2 Red8 31.Rf1 Bxe3 32.Qxf7+ Kh8 33.Re1 Bc5 34.Qh5 e3+ 35.Qf3 Qb5 36.b4 Rf8
37.Qe4 Ba7 38.c4 Qxb4 39.Rb1 Rxe2+ 40.Nxe2 Qd2  0-1